000
00211nam a22001097a 4500
041
_a
ENG
245
_a
BIomathematics
260
_a
London
_b
Charles Griffin
_c
1969
300
_a
682
650
_a
48
856
_u
48
999
_c
3100
_d
3100